Im Willen zur Wahrheit

Titel: Im Willen zur Wahrheit : Analysen und Einsprüche / Lew Kopelew
Verfasser:
Veröffentlicht: Frankfurt am Main : Fischer Taschenbuch Verl., 1984
Umfang: 294 S.
Format: Buch
Sprache: Deutsch
RVK-Notation:
Schlagworte:
ISBN: 3596243289
Buchumschlag
X
Lokale Klassifikation: 2 K 1282 ; 41 7 O ; 41 7 P
alg: 5873715
001A    $03004:18-06-98 
001B    $01999:12-05-23 $t21:13:17.000 
001C    $06060:04-03-15 $t00:58:33.000 
001D    $09999:99-99-99 
001U    $0utf8 
001X    $00 
002@    $0Aar 
003@    $0058737154 
003O    $012607343 $aOCoLC 
004A    $03-596-24328-9 
006G    $0840918542 
006U    $084,A41,0248 
007A    $0058737154 $aHEB 
007T    $0Herdhh058737154 
010@    $ager 
011@    $a1984 
013H    $0z 
021A    $aIm Willen zur Wahrheit $dAnalysen und Einsprüche $hLew Kopelew 
028A    $#Kopelev, Lev $#Копелев, Лев $#Kopelev, Lev Zinov'evič $#Kopelew, Lew Sinowjewitsch $#Kopielew, Lew $#Kopeleva, Lʹva $#Kopolew, Lew $#Kopelew, Lew S. $#Kopelev, L. Z. $#Kopelev, Lev Z. $#Kopelev, Lev Zalmanovič $#Kopelev, Lev Zinovʹevič $#Kopelev, L. $#Kopelev, Lev Zinovievitch $#Kopelev, Lew $#Kopelev, Lev Zalmanovich $#Kopelev, Lev Zinov'evich $#Bunkerhocker, Fritz $#Kopelew, Lew $#Kopelev, Lev Zinov́evič $#Копелев, Лев Залманович $#Копелев, Лев Зиновьевич $#Копелев, Лев З. $7118640259 $8Kopelev, Lev$Z1912-1997 [Tp1] $9086981188 
033A    $pFrankfurt am Main $nFischer Taschenbuch Verl. 
034D    $a294 S. 
044F    $bSowjetunion 
044F    $bSowjetunion 
045E    $a16 $a63 
045F    $a900.94710904 $eDDC23BSB 
045F/01 $a900 
045F/03 $f0904 
045F/03 $g471 
045Z    $8MG 85030 [Tkv] $9410553034 
045Z    $8MG 85092 [Tkv] $9410553190 

lok: 5873715 3
101B    $018-04-11 $t16:16:10.000 
101C    $018-04-11 
101U    $0utf8 
145S/01 $a007 

exp: 5873715 3 1 #EPN
201B/01 $017-04-11 $t22:08:19.000 
201U/01 $0utf8 
203@/01 $0616647638 
206W/01 $0UB1-s7160086 
208@/01 $a01-01-11 $brAa 
209A/01 $a82.752.61 $di $f000 $x00 
209B/01 $aStUB-Retro $x05 
209G/01 $a82752617 $x00 
209U/01 $qimage/gif $A2 $3Katalogkarte der UB Frankfurt $uhttp://resolver.hebis.de/retro/s7160086 $mV:DE-603;B:DE-30 
247C/01 $8601000-3 <30>Frankfurt, Universitätsbibliothek J. C. Senckenberg, Zentralbibliothek (ZB) $9102598258 

lok: 5873715 13

exp: 5873715 13 1 #EPN
201B/01 $020-10-10 $t16:53:04.000 
201C/01 $008-05-03 
201U/01 $0utf8 
203@/01 $0183554647 
206W/01 $01170743 
208@/01 $a08-05-03 $br 
209A/01 $a43/834 $du $f000 $h43 834 $x00 
209B/01 $a40 $x05 
209B/01 $a05 $x06 
209C/01 $a87.2224 
209G/01 $a02444399 $x00 
247C/01 $8655000-9 <36>Mainz, Wissenschaftliche Stadtbibliothek Mainz $9102599564 

lok: 5873715 24
101B    $005-12-02 $t18:54:12.242 
101C    $018-06-98 
145Z/01 $a2 K 1282 
145Z/02 $a41 7 O 
145Z/03 $a41 7 P 
101U    $0utf8 

exp: 5873715 24 1 #EPN
201B/01 $019-12-02 $t13:11:28.752 
201C/01 $018-06-98 
203@/01 $0122404440 
208@/01 $a18-06-98 $br 
209A/01 $a41 VII P 63 $du $f050 $h41 7 P 63 $x00 
209C/01 $aK 84.4431 $h84 4431 K 
247C/01 $8358050-7 Marburg, Bibliothek des Herder-Instituts Marburg $9102600961 
201U/01 $0utf8 

lok: 5873715 78

exp: 5873715 78 1 #EPN
201B/01 $019-04-17 $t18:22:09.000 
201U/01 $0utf8 
203@/01 $0793395054 
208@/01 $a12-11-16 $be 
209A/01 $a/ $f000 $x00 
237A/01 $aweiterführende Signatur(en): Herder-Institut: 41 VII P 63 
244Z/01 $2Trx $8--Trx--Monographie $x01 $9391384546 
245Z/01 $a06.04.04 $x01 
247C/01 $82080>Marburg/Lahn, Herder-Institut, Forschungsbibliothek, Bibliographieportal $9336309341 

lok: 5873715 204

exp: 5873715 204 1 #EPN
201B/01 $006-07-10 $t15:15:58.000 
201C/01 $030-11-99 
201U/01 $0utf8 
203@/01 $0139256075 
208@/01 $a30-11-99 $br 
209A/01 $aMSla Ee 4992-6 $du $f000 $x00 
209C/01 $aMRSLA 38241 
209G/01 $a16533416 $x00 
245S/01 $a21000 $x01 
247C/01 $8631000-x <26>Gießen, Universität Gießen, Universitätsbibliothek Gießen $9102596697
LEADER 00000cam a22000002c 4500
001 058737154
003 DE-603
005 20230512211317.0
007 tu
008 980618s1984 xx |||| | u00||u|ger
015 |a 84,A41,0248  |2 dnb 
016 7 |2 DE-101  |a 840918542 
020 |a 3596243289 
035 |a (DE-599)HEB058737154 
035 |a (OCoLC)12607343 
040 |a DE-603  |b ger  |c DE-603  |d DE-603 
041 |a ger 
082 0 4 |8 1\u  |a 900.94710904  |q DE-101  |2 23/BSB 
084 |a 16  |a 63  |q DE-101  |2 sdnb 
084 |a MG 85030  |0 (DE-625)122868:12037  |0 (DE-603)410553034  |2 rvk 
084 |a MG 85092  |0 (DE-625)122868:12053  |0 (DE-603)410553190  |2 rvk 
085 |8 1\u  |b 900 
085 |8 1\u  |z 1  |s 0904 
085 |8 1\u  |z 2  |s 471 
100 1 |a Kopelev, Lev  |d 1912-1997  |0 (DE-603)086981188  |0 (DE-588)118640259  |2 gnd 
245 0 0 |a Im Willen zur Wahrheit  |b Analysen und Einsprüche  |c Lew Kopelew 
264 1 |a Frankfurt am Main  |b Fischer Taschenbuch Verl.  |c 1984 
300 |a 294 S. 
651 7 |a Sowjetunion  |2 local 
651 7 |a Sowjetunion  |2 local 
924 0 |9 30  |a (DE-603)616647638  |b DE-30  |c HES  |d c  |g 82.752.61 
924 0 |9 36  |a (DE-603)183554647  |b DE-36  |c HES  |d c  |g 43/834 
924 0 |9 Mb 50  |a (DE-603)122404440  |b DE-Mb50  |c HES  |d c  |g 41 VII P 63 
924 0 |9 2080  |a (DE-603)793395054  |b DE-2080  |c HES  |d d  |g / 
924 0 |9 26  |a (DE-603)139256075  |b DE-26  |c HES  |d c  |g MSla Ee 4992-6